Automatic and semi-automatic lathes (Record no. 71027)

000 -LEADER
fixed length control field 00449nam a22001817a 4500
003 - CONTROL NUMBER IDENTIFIER
control field NUST - PNEC
005 - DATE AND TIME OF LATEST TRANSACTION
control field 20170116181152.0
008 - FIXED-LENGTH DATA ELEMENTS--GENERAL INFORMATION
fixed length control field 151205b xxu||||| |||| 00| 0 eng d
020 ## - INTERNATIONAL STANDARD BOOK NUMBER
International Standard Book Number -
040 ## - CATALOGING SOURCE
Transcribing agency LIBRARY
082 ## - DEWEY DECIMAL CLASSIFICATION NUMBER
Classification number 621.942 BOG
100 ## - MAIN ENTRY--PERSONAL NAME
9 (RLIN) 15577
Personal name Boguslavskij, B. L
245 ## - TITLE STATEMENT
Title Automatic and semi-automatic lathes
Statement of responsibility, etc. B. L,Boguslavskij
250 ## - EDITION STATEMENT
Edition statement 1st ed
260 ## - PUBLICATION, DISTRIBUTION, ETC.
Date of publication, distribution, etc. -
650 ## - SUBJECT ADDED ENTRY--TOPICAL TERM
9 (RLIN) 15578
Topical term or geographic name entry element Lathes
General subdivision General
942 ## - ADDED ENTRY ELEMENTS (KOHA)
Source of classification or shelving scheme
Koha item type Book
Holdings
Withdrawn status Lost status Source of classification or shelving scheme Damaged status Not for loan Permanent Location Current Location Shelving location Date acquired Total Checkouts Full call number Barcode Date last seen Price effective from Koha item type
          Pakistan Navy Engineering College (PNEC) Pakistan Navy Engineering College (PNEC)   12/05/2015   621.942 BOG PNECLIB-002242 12/05/2015   Book
© 2023 Central Library, National University of Sciences and Technology. All Rights Reserved.